Los caminos de la forma y del volumen. (Record no. 1542)

MARC details
000 -CABECERA
campo de control de longitud fija 00712nam a2200205 a 4500
001 - NÚMERO DE CONTROL
campo de control BRCA_1759
005 - FECHA Y HORA DE LA ÚLTIMA TRANSACCIÓN
campo de control 20190320203534.0
008 - DATOS DE LONGITUD FIJA--INFORMACIÓN GENERAL
campo de control de longitud fija 970812s1996 mx-a---##c---s000-0#spa-d
020 ## - NÚMERO INTERNACIONAL ESTÁNDAR DEL LIBRO
Número Internacional Estándar del Libro 9686271988
040 ## - FUENTE DE LA CATALOGACIÓN
Centro catalogador/agencia de origen IQU
Centro/agencia transcriptor IQU
Centro/agencia modificador DLC
050 #4 - SIGNATURA TOPOGRÁFICA DE LA BIBLIOTECA DEL CONGRESO
Número de clasificación NB256
Número de documento/Ítem .C36 1996
245 10 - MENCIÓN DE TÍTULO
Título Los caminos de la forma y del volumen.
260 ## - PUBLICACIÓN, DISTRIBUCIÓN, ETC.
Lugar de publicación, distribución, etc. Veracruz, México
Nombre del editor, distribuidor, etc. Gobierno del Estado de Veracruz : Instituto Veracruzano de Cultura
Fecha de publicación, distribución, etc. 1996
300 ## - DESCRIPCIÓN FÍSICA
Extensión xiv, 123 p.
Otras características físicas il. a color
Dimensiones 31 cm.
500 ## - NOTA GENERAL
Nota general Colección Sonia Corcuera de Mancera
650 14 - PUNTO DE ACCESO ADICIONAL DE MATERIA--TÉRMINO DE MATERIA
Término de materia o nombre geográfico como elemento de entrada Escultura mexicana
Subdivisión de forma Catálogos
Subdivisión cronológica Siglo XX
Subdivisión geográfica México
9 (RLIN) 5487
650 14 - PUNTO DE ACCESO ADICIONAL DE MATERIA--TÉRMINO DE MATERIA
Término de materia o nombre geográfico como elemento de entrada Escultura de cerámica mexicana
Subdivisión de forma Catálogos
Subdivisión cronológica Siglo XX
Subdivisión geográfica México
9 (RLIN) 5488
902 ## - CATALOGADOR
Iniciales DSC
942 ## - ELEMENTOS DE PUNTO DE ACCESO ADICIONAL (KOHA)
Fuente del sistema de clasificación o colocación Library of Congress Classification
Tipo de ítem Koha Libros
Holdings
Estado de retiro Estado de pérdida Estado dañado No para préstamo Localización permanente Ubicación/localización actual Fecha de adquisición Total de préstamos Signatura topográfica completa Código de barras Fecha visto por última vez Precio válido a partir de Tipo de ítem Koha
El ejemplar forma parte de la colección y puede ser consultado según las políticas vigentes.       Biblioteca del Museo Franz Mayer (Rogerio Casas-Alatriste) Biblioteca del Museo Franz Mayer (Rogerio Casas-Alatriste) 27/06/2008   NB256 .C36 1996 DSC00009 22/03/2019 22/03/2019 Libros